Guess the 1960s song lyrics #353 - Statistics

General Stats
  • This quiz has been taken 13 times
  • The average score is 108 of 171
Answer Stats
Answer % Correct
I
100%
do
92%
go
92%
is
92%
can
83%
can't
83%
If
83%
if
83%
It's
83%
it's
83%
me
83%
my
83%
My
83%
then
83%
To
83%
to
83%
want
83%
baby
75%
be
75%
oh
75%
that
75%
away
67%
back
67%
come
67%
don't
67%
feel
67%
of
67%
she
67%
so
67%
What
67%
But
58%
I'm
58%
see
58%
time
58%
too
58%
way
58%
would
58%
blue
50%
feelin
50%
had
50%
much
50%
went
50%
love's
42%
wrong
42%
Bad
33%
bad
33%
Cause
33%
lose
33%
She'd
33%
again
25%
Ah
25%
Black
25%
black
25%
choose
25%
found
25%
mind
25%
sad
25%
Since
25%
today
25%
grey
17%
Los Bravos
17%
Maybe
17%
peace
17%
strong
17%
intend
8%
Woah
0%
No matching quizzes found
Score Distribution
Percent of People with Each Score
Percentile by Number Answered
Your Score History
You have not taken this quiz